000 01091nam2a22002651 4500
001 v19\rc\1875745
005 20251118180257.1
035 _a(NLR Aleph) 004966086
090 _a6035112
_c6035112
100 _a20080221d1910 u y0rusy50 ca
101 0 _arus
102 _aRU
105 _aa z |||||
200 1 _aЛирика и эпос
210 _d1910
215 _a[4], IV, 346 с., 4 л. ил.
461 0 _1001v19\rc\1875744
_12001#$aМоре и моряки$eСб. произведений рус. и иностр. писателей$fСост. С. Кузнецов. Ч. 1-$vЧ. 1
_1700#1$aКузнецов$bС.
_96035106
_aКузнецов, С.
_cСанкт-Петербург
_d1910
_fСост. С. Кузнецов. Ч. 1-
_nтип. В.Ф. Киршбаума
_oСб. произведений рус. и иностр. писателей
_tМоре и моряки
_vЧ. 1
801 0 _aRU
_bNLR
_gpsbo
801 0 _aRU
_bRuMoRGB
_2psbo
801 1 _aRU
_bProSoft-M
_2rusmarc
852 _aNLR
_j38.77.7.92
899 _aRuMoRGB
_jU 68/112
899 _aБАН
942 _cBOOK
980 _aNB